Vnútroelektródové coulometrické titrácie. Stanovenie niektorých nekovov

Enregistré dans:
Détails bibliographiques
Auteur principal: Varga, Peter (Auteur)
Format: Manuscrit Livre
Langue:slovaque
Publié: Bratislava : STU v Bratislave FCHPT, 2002
Édition:Obháj.: 4.6.2002
Tags: Ajouter un tag
Pas de tags, Soyez le premier à ajouter un tag!

MARC

LEADER 00000ntm a22000003a 4500
001 stu76310
005 20150617225644.8
008 020626s2002----xo------------------slo-d
040 |a STU  |b slo 
041 0 |a slo 
044 |a xo 
100 1 |a Varga, Peter  |4 aut 
245 1 |a Vnútroelektródové coulometrické titrácie. Stanovenie niektorých nekovov 
250 |a Obháj.: 4.6.2002 
260 |a Bratislava :  |b STU v Bratislave FCHPT,  |c 2002 
500 |a Špec.: Analytická chémia 
996 |b 284C026848  |c C*D13492  |l CCI  |s A  |a 24  |w stu76310_0001